Most Famous Films - Statistics

General Stats
  • This quiz has been taken 324 times
  • The average score is 38 of 105
Answer Stats
Hint Answer % Correct
. Titanic
93%
Avatar
88%
The Godfather
88%
Star Wars: Episode IV – A New Hope
84%
Pulp Fiction
74%
The Dark Knight
67%
The Godfather Part II
66%
Inception
65%
Forrest Gump
64%
Psycho
59%
Alien
57%
The Avengers
57%
The Lord of the Rings: The Return of the King
57%
The Lord of the Rings: The Two Towers
57%
Jurassic Park
56%
Interstellar
54%
Spider-Man
54%
Braveheart
53%
Gladiator
53%
Schindler's List
53%
Iron Man
51%
The Lord of the Rings: The Fellowship of the Ring
51%
2001: A Space Odyssey
50%
Avengers: Endgame
50%
Parasite
49%
Star Wars: Episode V – The Empire Strikes Back
49%
Citizen Kane
48%
Back to the Future
47%
Batman Begins
47%
The Terminator
47%
The Matrix
46%
Avengers: Infinity War
45%
Star Wars: Episode I – The Phantom Menace
45%
The Shawshank Redemption
45%
Django Unchained
44%
Raiders of the Lost Ark
43%
Gone with the Wind
41%
Harry Potter and the Philosopher's Stone
41%
Inglourious Basterds
41%
Star Wars: Episode VI – Return of the Jedi
41%
Fight Club
40%
Star Wars: Episode II – Attack of the Clones
39%
Star Wars: Episode III – Revenge of the Sith
39%
The Departed
39%
The Good, the Bad and the Ugly
37%
No Country for Old Men
36%
Saving Private Ryan
36%
Harry Potter and the Chamber of Secrets
35%
Iron Man 2
35%
Apocalypse Now
34%
Blade Runner
34%
Casablanca
34%
Avengers: Age of Ultron
33%
Harry Potter and the Goblet of Fire
33%
Harry Potter and the Prisoner of Azkaban
33%
Joker
33%
Slumdog Millionaire
33%
Star Wars: The Force Awakens
33%
Terminator 2: Judgment Day
33%
The Great Dictator
33%
The Pianist
33%
The Silence of the Lambs
33%
Harry Potter and the Half-Blood Prince
31%
Home Alone
31%
The Shape of Water
31%
Guardians of the Galaxy
30%
Life is Beautiful
30%
12 Years a Slave
29%
Harry Potter and the Order of the Phoenix
29%
La La Land
29%
Harry Potter and the Deathly Hallows – Part 2
27%
One Flew Over the Cuckoo's Nest
27%
The Green Mile
27%
Thor
27%
Captain America: The First Avenger
26%
Harry Potter and the Deathly Hallows – Part 1
26%
Lawrence of Arabia
26%
Black Panther
24%
Black Swan
24%
Brokeback Mountain
24%
A Beautiful Mind
23%
Alice in Wonderland
22%
Birdman
22%
The Prestige
22%
The Artist
21%
Gravity
20%
The King's Speech
20%
The Revenant
20%
12 Angry Men
19%
Wonder Woman
19%
Spider-Man: Homecoming
18%
Skyfall
16%
Ben-Hur
15%
Green Book
15%
Pirates of the Caribbean: The Curse of the Black Pearl
15%
Pirates of the Caribbean: Dead Man's Chest
13%
The Martian
11%
Pirates of the Caribbean: At World's End
9%
Twilight
9%
Dead Poets Society
8%
Dr. No
6%
Deadpool
5%
The Da Vinci Code
4%
The Hunger Games
4%
V for Vendetta
4%
No matching quizzes found
Score Distribution
Percent of People with Each Score
Percentile by Number Answered
Your Score History
You have not taken this quiz